<?xml version="1.0" encoding="UTF-8"?>
<marc:record xmlns:marc="http://www.loc.gov/MARC21/slim">
   <marc:leader>00000nam a2200000 a 4500</marc:leader>
   <marc:datafield ind1="1" ind2=" " tag="100">
      <marc:subfield code="a">Raabe, Marc</marc:subfield>
      <marc:subfield code="4">aut</marc:subfield>
      <marc:subfield code="e">Verfasser/-in</marc:subfield>
   </marc:datafield>
   <marc:datafield ind1="0" ind2="0" tag="245">
      <marc:subfield code="a">Im Morgengrauen</marc:subfield>
   </marc:datafield>
   <marc:datafield ind1="0" ind2="0" tag="245">
      <marc:subfield code="b">Thriller</marc:subfield>
   </marc:datafield>
   <marc:datafield ind1=" " ind2="1" tag="264">
      <marc:subfield code="b">Ullstein</marc:subfield>
      <marc:subfield code="c">2026</marc:subfield>
   </marc:datafield>
   <marc:datafield ind1="1" ind2=" " tag="490">
      <marc:subfield code="a">Art Mayer-Serie</marc:subfield>
   </marc:datafield>
   <marc:datafield ind1="1" ind2=" " tag="520">
      <marc:subfield code="a">Seit Wochen gehen im Netz die Videos einer jungen Frau viral. Ihr Gesicht ist unkenntlich, auf ihrem Unterarm ist ein markantes Eulen-Tattoo. Der Inhalt der Videos: skandalöse Details ihrer Affäre mit dem Bundeskanzler. Ein Fake? Eine Kampagne? Oder die Wahrheit?
Plötzlich verschwindet Kanzler Henrik Westphal spurlos. 
In der aufgeheizten Stimmung stoßen BKA-Ermittler Art Mayer und Nele Tschaikowski tief im U-Bahntunnel unter dem Alexanderplatz auf eine entstellte Leiche. Ist es die junge Frau aus den Videos? Und welche Rolle spielt Juli, die Frau des Kanzlers - und Arts große Jugendliebe. Als Art plötzlich selbst ins Visier gerät, eskaliert die Situation: Wem kann er noch vertrauen?</marc:subfield>
   </marc:datafield>
   <marc:datafield ind1=" " ind2=" " tag="020">
      <marc:subfield code="a">9783864933653</marc:subfield>
      <marc:subfield code="9">9783864933653</marc:subfield>
   </marc:datafield>
</marc:record>
